000 00695nam a2200229Ia 4500
005 20250508170024.0
008 008 250505s9999 xx 000 0 eng d
020 _a978-1-5225-2624-7
037 _aReference
040 _aFEDL
_beng
_cFEDL
041 _aeng
_2eng
084 _a305.3, PAL/RR
_qFEDL
100 _aPalczewski Catherine Helen
_9782748
245 0 _aGender in communication: A critical introduction
250 _a3
260 _aThousand Oaks, Calfornia
_bSage
_c2019
300 _axxviii, 323p.
365 _aUSD
_b105
700 _a DeFrancisco Victoria Pruin McGeough Danielle Dick
_9782749
942 _cREF
_h305.3, PAL/RR
999 _c1398727
_d1398727